01133 2200349 4500001002100000005001500021035002000036007000300056040001200059100002700071245016300098250001200261300003400273504002400307020002200331041000800353082001000361084001600371090002000387264004200407336002100449337003000470338002300500650002300523700004200546700004200588700003800630700004200668850001000710008004100720990002200761INLIS00000000000676020260411080404 a0010-0622000095ta aSBPUPAD0 aSri MurtanoePengarang1 aSeni Budaya Dan Keterampilan :bKelas Empat Sekolah dasar /cSri Murtano ;Pengarang ,Sri Murwani ,Editor,Erma Sukmasari ,Eva Susani ,Ilustrator,Tim Yudhistira a.-Cet.1 ax,163 hlm. :billus. ;c25 cm aBibliografi,Hlm 163 a978-979-746-260-40 aind a372.5 a372.5 SRI s a372.5 SRI s 9-9 a.--Jakarta :bghalia Indonesia,c2007 2rdacontentaTeks 2rdamediaaTanpa Perantara 2rdacarrieravolume 4aMedia Pembelajaran0 aPengarang Ke-2,Sri MurwaniePengarang0 aEditor Ke-1,Erna SukmasariePengarang0 aEditor Ke-2,Eva SusaniePengarang0 aIlustartor ,Tim YudhistiraePengarang aPUPAD260411 0  a35.212/S/DPK/2021